00389nam a2200157Ia 4500008004100000020001500041041001200056082001600068100001600084245004800100250000800148260003900156300000900195650001200204700001500216221030s9999 xx 000 0 und d a9971511754 aEnglish a105.23bHol aD. Halliday 0aPhysics Vol. IIcby D. Halliday, R. Resnick a4th bJohn Wiley & SonsaNew Yorkc1995 a1216 aPhysics aR. Resnick